000 00300 a2200133 4500
001 86961
082 _a515.35 LOM
090 _c40959
_d40959
100 _aLomen David; James Mark
245 _aDifferential equations
250 _a1
260 _aNJ
_bPrentice Hall
_c1988
300 _ax, 464 p.
942 _aNUST-CAE
_k515.35 LOM
999 _c322034
_d322034